[Event "VII OPEN AMATEUR CALVIA"]
[Site "Calvia - Mallorca (España)"]
[Date "2010.10.09"]
[Round "1"]
[Board "1"]
[White "Hermida Izquierdo, Miguel Angel"]
[Black "Du Plessis, Heinco"]
[Result "1-0"]
[WhiteElo "1774"]
[BlackElo "2108"]
[PlyCount "135"]
[EventDate "2010.10.09"]
[EventRounds "9"]
[EventCountry "ESP"]

1.c4 c6 2.Nf3 d5 3.cxd5 cxd5 4.d4 Nf6 5.g3 g6 6.Bg2 Bg7 7.Nc3 O-O 8.O-O Nc6 9.a3
b6 10.Bf4 Bb7 11.Ne5 e6 12.Nb5 Nh5 13.Bd2 Nxe5 14.dxe5 Bxe5 15.f4 Bxb2 16.Ra2
Bf6 17.Bb4 Be7 18.Bc3 Qd7 19.Qb1 Bc5+ 20.Bd4 Rfc8 21.e3 Bxd4 22.Nxd4 Ng7 23.g4
f5 24.Nf3 Qa4 25.g5 Ba6 26.Re1 Bc4 27.Ra1 Bb3 28.Qb2 Rc2 29.Qf6 Rf8 30.Qe7 Re8
31.Qb7 Rec8 32.Qe7 R2c7 33.Qf6 Rf8 34.Qe5 Qd7 35.Qb2 Ba4 36.Ne5 Qb5 37.Qd4 Bc2
38.Bf1 Qa5 39.Qb2 Rfc8 40.Nf3 Be4 41.Nd4 Qc3 42.Qb5 Qc5 43.Qb2 Kf7 44.a4 Qc3
45.Qb5 Ke7 46.Rac1 Qxc1 47.Rxc1 Rxc1 48.Qb4+ Kd7 49.Kf2 R8c5 50.Bb5+ Kc7 51.Bf1
Kd7 52.Ba6 Rb1 53.Qa3 Rh1 54.Bb5+ Kc7 55.Kg3 Rg1+ 56.Kf2 Rg2+ 57.Kf1 Rxh2 58.Ke1
Kb8 59.Nc6+ Kc7 60.Nd4 Kc8 61.Be2 Kd7 62.a5 Rh1+ 63.Kd2 Rxa5 64.Qf8 Ra2+ 65.Kc3
Rc1+ 66.Kb3 Raa1 67.Bb5+ Kc7 68.Qxg7+

[Event "VII OPEN AMATEUR CALVIA"]
[Site "Calvia - Mallorca (España)"]
[Date "2010.10.09"]
[Round "1"]
[Board "1"]
[White "Hvenekilde, Jorgen"]
[Black "Orcera Gomez, Francisco"]
[Result "1-0"]
[WhiteElo "2107"]
[BlackElo "1764"]
[PlyCount "85"]
[EventDate "2010.10.09"]
[EventRounds "9"]
[EventCountry "ESP"]

1.d4 Nf6 2.c4 e6 3.Nf3 d5 4.g3 c6 5.Bg2 Nbd7 6.O-O g6 7.Bf4 Bg7 8.Nc3 O-O 9.Qd2
Re8 10.Rad1 Qb6 11.c5 Qd8 12.b4 a6 13.Rc1 b5 14.Ne5 Nxe5 15.Bxe5 Nd7 16.Bxg7
Kxg7 17.e4 Nf6 18.e5 Ng8 19.a4 Bd7 20.Ra1 f6 21.f4 fxe5 22.dxe5 Qe7 23.axb5 axb5
24.Ra2 Rxa2 25.Qxa2 Qf7 26.Ra1 Qf5 27.Qb1 Nh6 28.Qxf5 Nxf5 29.Ra7 Re7 30.Kf2 Kf7
31.Ne2 h5 32.Bh3 Be8 33.Ra8 Rc7 34.Bxf5 gxf5 35.Nd4 Ke7 36.Nxe6 Kxe6 37.Rxe8+
Kf7 38.Ra8 Ke6 39.Ke3 Rh7 40.Rd8 Ra7 41.Rd6+ Ke7 42.Rxc6 Ra3+ 43.Kd4

[Event "VII OPEN AMATEUR CALVIA"]
[Site "Calvia - Mallorca (España)"]
[Date "2010.10.09"]
[Round "1"]
[Board "1"]
[White "Sanchez Martinez, Miguel Angel"]
[Black "Queirolo Perez, Manuel"]
[Result "0-1"]
[WhiteElo "1745"]
[BlackElo "2102"]
[PlyCount "110"]
[EventDate "2010.10.09"]
[EventRounds "9"]
[EventCountry "ESP"]

1.d4 Nf6 2.c4 c5 3.e3 e6 4.Nc3 cxd4 5.exd4 Bb4 6.Bd2 O-O 7.Nf3 b6 8.Bd3 Bb7
9.O-O d5 10.cxd5 exd5 11.Re1 Nc6 12.Rc1 a6 13.Qb3 Qd6 14.a3 Ba5 15.Nb1 Rfe8
16.Qc2 Rxe1+ 17.Rxe1 Bxd2 18.Qxd2 h6 19.Nc3 b5 20.Qe3 Kf8 21.Qc1 Re8 22.Rxe8+
Nxe8 23.Qe3 Qe6 24.h3 Nd6 25.b3 Na5 26.Bc2 Ne4 27.Na2 Qc8 28.Nb4 Qc3 29.Qf4 f6
30.Bxe4 dxe4 31.Qd6+ Kg8 32.Nh4 Qe1+ 33.Kh2 Qxf2 34.Qe6+ Kh7 35.Nf5 Qf4+ 36.Kg1
Qc1+ 37.Kh2 Qf4+ 38.Kg1 Kg6 39.Ne7+ Kg5 40.Nbd5 Bxd5 41.h4+ Kxh4 42.Ng6+ Kg5
43.Nxf4 Bxe6 44.Nxe6+ Kg6 45.d5 Kf7 46.Nc7 Nxb3 47.Nxa6 Ke7 48.Nc7 Kd6 49.Nxb5+
Kxd5 50.Kf2 g5 51.Ke3 f5 52.Nc7+ Ke5 53.Na6 f4+ 54.Ke2 Nd4+ 55.Ke1 Nc2+

[Event "VII OPEN AMATEUR CALVIA"]
[Site "Calvia - Mallorca (España)"]
[Date "2010.10.09"]
[Round "1"]
[Board "1"]
[White "Matas Artigues, Josep"]
[Black "Grichkevitch, Gilles"]
[Result "0-1"]
[WhiteElo "1722"]
[BlackElo "2099"]
[PlyCount "82"]
[EventDate "2010.10.09"]
[EventRounds "9"]
[EventCountry "ESP"]

1.d4 Nf6 2.c4 g6 3.Nc3 Bg7 4.e4 d6 5.f4 c5 6.d5 O-O 7.Nf3 e6 8.Be2 exd5 9.cxd5
Re8 10.e5 dxe5 11.fxe5 Ng4 12.e6 fxe6 13.d6 Nc6 14.O-O Nd4 15.Nb5 Nxb5 16.Bxb5
Bd7 17.Bc4 b5 18.Be2 Qb6 19.Qe1 c4+ 20.Kh1 Rf8 21.h3 Ne3 22.Bxe3 Qxe3 23.Rb1
Rac8 24.Qd1 Rc5 25.Qc2 e5 26.Rbe1 Qh6 27.Qe4 Bc6 28.Qg4 Qf4 29.Qe6+ Qf7 30.Qg4
Bd7 31.Qh4 Qe8 32.Ng5 h6 33.Ne4 Rc8 34.Rxf8+ Qxf8 35.Rf1 Qd8 36.Qf2 Bf5 37.Qxa7
Bxe4 38.Rf7 Bf8 39.Rh7 Qf6 40.Bg4 Qf1+ 41.Kh2 Qxg2#

[Event "VII OPEN AMATEUR CALVIA"]
[Site "Calvia - Mallorca (España)"]
[Date "2010.10.09"]
[Round "1"]
[Board "1"]
[White "Minescu, Dragos-Olivar"]
[Black "Navarrete Abraham, Jorge"]
[Result "1-0"]
[WhiteElo "2098"]
[BlackElo "1716"]
[PlyCount "43"]
[EventDate "2010.10.09"]
[EventRounds "9"]
[EventCountry "ESP"]

1.c4 c5 2.Nc3 Nc6 3.g3 g6 4.Bg2 Bg7 5.d3 Nf6 6.e4 O-O 7.Nge2 d6 8.h3 Nd7 9.Be3
Nde5 10.O-O Nb4 11.f4 Nexd3 12.b3 Bd4 13.Nxd4 cxd4 14.Bxd4 e5 15.Be3 exf4
16.gxf4 f5 17.a3 Qf6 18.e5 dxe5 19.axb4 Nxf4 20.Bxf4 exf4 21.Nd5 Qh4 22.Rxf4

[Event "VII OPEN AMATEUR CALVIA"]
[Site "Calvia - Mallorca (España)"]
[Date "2010.10.09"]
[Round "1"]
[Board "1"]
[White "Ponce Cano, Adrian"]
[Black "Lechado Artigues, Pedro"]
[Result "0-1"]
[WhiteElo "1715"]
[BlackElo "2096"]
[PlyCount "74"]
[EventDate "2010.10.09"]
[EventRounds "9"]
[EventCountry "ESP"]

1.e4 c5 2.Nf3 d6 3.d4 cxd4 4.Nxd4 Nf6 5.Nc3 a6 6.f3 e5 7.Nb3 Be7 8.Be3 Be6 9.Nd5
Nxd5 10.exd5 Bf5 11.g4 Bh4+ 12.Bf2 Bg6 13.Qe2 O-O 14.O-O-O a5 15.Nd2 Na6 16.Ne4
Bxf2 17.Qxf2 Bxe4 18.fxe4 Nc5 19.Re1 Qg5+ 20.Qe3 Qxg4 21.Rg1 Qh4 22.Kb1 g6
23.Bg2 f5 24.exf5 Rxf5 25.Ref1 Raf8 26.Rf3 Rxf3 27.Bxf3 Qxh2 28.Rf1 e4 29.Be2
Rxf1+ 30.Bxf1 Qh1 31.Qe1 Qg1 32.b3 h5 33.Kb2 Qd4+ 34.Kb1 e3 35.Qxa5 Qd1+ 36.Kb2
Qxf1 37.Qd8+ Qf8

[Event "VII OPEN AMATEUR CALVIA"]
[Site "Calvia - Mallorca (España)"]
[Date "2010.10.09"]
[Round "1"]
[Board "1"]
[White "Thorell, Viktor"]
[Black "Ramis Sebastia, Jordi Salvador"]
[Result "1-0"]
[WhiteElo "2096"]
[BlackElo "1711"]
[PlyCount "77"]
[EventDate "2010.10.09"]
[EventRounds "9"]
[EventCountry "ESP"]

1.Nf3 Nc6 2.c4 e5 3.Nc3 Nf6 4.d3 d5 5.cxd5 Nxd5 6.Qb3 Nxc3 7.bxc3 Be7 8.g3 O-O
9.Bg2 Rb8 10.Rb1 Be6 11.Qa4 Qd6 12.O-O Nd8 13.c4 Bd7 14.Qc2 Bc6 15.Bb2 f6
16.Rbd1 Ne6 17.e4 Be8 18.d4 exd4 19.Nxd4 Nxd4 20.Rxd4 Qa6 21.Rd5 Bf7 22.Rd7 Bd8
23.e5 Bxc4 24.Rc1 Be6 25.Rd2 c6 26.Rd6 Qxa2 27.Qd2 Bc7 28.Ra1 Qc4 29.Bf1 Qg4
30.h3 Qf5 31.g4 Qf3 32.Rxe6 Rbd8 33.Qc2 Bb6 34.exf6 gxf6 35.Re7 Rf7 36.Rxf7 Kxf7
37.Qxh7+ Ke6 38.Re1+ Kd5 39.Bg2

[Event "VII OPEN AMATEUR CALVIA"]
[Site "Calvia - Mallorca (España)"]
[Date "2010.10.09"]
[Round "1"]
[Board "1"]
[White "Skovle, Lars"]
[Black "Juan Mas, Santiago"]
[Result "0-1"]
[WhiteElo "1705"]
[BlackElo "2092"]
[PlyCount "50"]
[EventDate "2010.10.09"]
[EventRounds "9"]
[EventCountry "ESP"]

1.f4 Nc6 2.e4 d5 3.e5 d4 4.Nf3 Nh6 5.Bc4 e6 6.d3 Nf5 7.O-O Bd7 8.c3 Bc5 9.Kh1
Bb6 10.Na3 Qe7 11.Nc2 O-O-O 12.Bd2 h5 13.Be1 h4 14.a4 dxc3 15.bxc3 Be3 16.Ng5
Nxe5 17.Nxe6 fxe6 18.fxe5 h3 19.Rxf5 hxg2+ 20.Kxg2 exf5 21.Bg3 f4 22.Nxe3 fxg3
23.hxg3 Qxe5 24.Nd5 Bh3+ 25.Kf2 Rxd5

[Event "VII OPEN AMATEUR CALVIA"]
[Site "Calvia - Mallorca (España)"]
[Date "2010.10.09"]
[Round "1"]
[Board "1"]
[White "Plachkinova, Tatjana"]
[Black "Lewandowski, Richard"]
[Result "1-0"]
[WhiteElo "2091"]
[BlackElo "1647"]
[PlyCount "79"]
[EventDate "2010.10.09"]
[EventRounds "9"]
[EventCountry "ESP"]

1.d4 d5 2.c4 e6 3.Nc3 Nf6 4.Nf3 Be7 5.cxd5 exd5 6.Bf4 c6 7.Qc2 Nbd7 8.e3 O-O
9.Bd3 Re8 10.h3 Nf8 11.O-O h6 12.a3 Bd7 13.b4 b5 14.Rfc1 a5 15.Qb2 a4 16.Ne5 Rc8
17.Qc2 Be6 18.Ne2 Bd7 19.Bf5 Bxf5 20.Qxf5 g6 21.Qd3 Qb6 22.Bxh6 Bd6 23.Ra2 Bxe5
24.dxe5 Rxe5 25.Qc3 Re6 26.Nf4 Rce8 27.Nxe6 Rxe6 28.Rac2 Ne8 29.Qc5 Nd7 30.Qxb6
Nxb6 31.Rxc6 Kh7 32.Bf4 Nc4 33.Rc5 Nxa3 34.Rxd5 Nf6 35.Rd8 Rb6 36.Rcc8 Nh5
37.Be5 Kh6 38.Rh8+ Kg5 39.g4 Nf6 40.f4#

[Event "VII OPEN AMATEUR CALVIA"]
[Site "Calvia - Mallorca (España)"]
[Date "2010.10.09"]
[Round "1"]
[Board "1"]
[White "Febrero Perez, Lluis"]
[Black "Valls Casas, Jordi"]
[Result "0-1"]
[WhiteElo "1599"]
[BlackElo "2088"]
[PlyCount "98"]
[EventDate "2010.10.09"]
[EventRounds "9"]
[EventCountry "ESP"]

1.e4 c6 2.d4 d5 3.e5 Bf5 4.Nf3 e6 5.Bd3 Bxd3 6.Qxd3 Nd7 7.Nc3 c5 8.Be3 cxd4
9.Bxd4 Ne7 10.O-O Nc6 11.Rfe1 Nxd4 12.Nxd4 Nc5 13.Qb5+ Qd7 14.b4 Qxb5 15.Ndxb5
Na6 16.a3 Be7 17.f4 O-O 18.Ne2 Rfc8 19.Ned4 Nc7 20.Re2 Nxb5 21.Nxb5 Rc4 22.f5
Rd8 23.Nxa7 exf5 24.Rf1 g6 25.Nb5 d4 26.Rf4 Rd5 27.Nd6 Bxd6 28.exd6 Rxd6 29.Kf1
Rc3 30.Rd2 Rxa3 31.Rfxd4 Rxd4 32.Rxd4 Rc3 33.Rd7 Rxc2 34.Rxb7 Kg7 35.Rb6 Rb2
36.b5 g5 37.h3 h5 38.g3 h4 39.gxh4 gxh4 40.Kg1 f4 41.Kh1 f6 42.Rb8 Kg6 43.Rg8+
Kf5 44.Rh8 Ke4 45.Rxh4 Rxb5 46.Rg4 Rg5 47.Kg2 Rxg4+ 48.hxg4 Ke3 49.Kf1 Kf3

[Event "VII OPEN AMATEUR CALVIA"]
[Site "Calvia - Mallorca (España)"]
[Date "2010.10.09"]
[Round "1"]
[Board "1"]
[White "Hoffmann, Roger"]
[Black "Driessen Llado, Pedro"]
[Result "1-0"]
[WhiteElo "2086"]
[BlackElo "1596"]
[PlyCount "87"]
[EventDate "2010.10.09"]
[EventRounds "9"]
[EventCountry "ESP"]

1.d4 Nf6 2.c4 e6 3.Nf3 b6 4.g3 Ba6 5.Qc2 Be7 6.Bg2 c6 7.O-O O-O 8.b3 d5 9.Bb2
Nbd7 10.Nbd2 b5 11.c5 b4 12.Rfe1 Ne4 13.Nxe4 dxe4 14.Qxe4 Bb7 15.Qd3 a5 16.a4
Bf6 17.Qc2 Qc7 18.Rad1 Rad8 19.Nd2 g6 20.Ne4 Bg7 21.f4 f5 22.Ng5 Rfe8 23.Qc4 Nf8
24.e4 h6 25.Nf3 Qc8 26.Qc2 Nh7 27.Ne5 Bxe5 28.dxe5 Rxd1 29.Rxd1 Rd8 30.Rd6 Kf7
31.exf5 gxf5 32.Qd1 Rxd6 33.Qh5+ Kg8 34.Qg6+ Kf8 35.Qxh6+ Kg8 36.Qg6+ Kf8
37.exd6 Qd7 38.Bf1 Qf7 39.Qh6+ Ke8 40.Be2 Kd7 41.Bh5 Qg8 42.Qg7+ Qxg7 43.Bxg7 e5
44.Bg6

[Event "VII OPEN AMATEUR CALVIA"]
[Site "Calvia - Mallorca (España)"]
[Date "2010.10.09"]
[Round "1"]
[Board "1"]
[White "Gomez Lozano, Santiago"]
[Black "Burton, Graham P"]
[Result "0-1"]
[WhiteElo "1556"]
[BlackElo "2080"]
[PlyCount "108"]
[EventDate "2010.10.09"]
[EventRounds "9"]
[EventCountry "ESP"]

1.d4 Nf6 2.Bg5 c5 3.c3 Qb6 4.Qc2 d5 5.Nf3 Nc6 6.e3 Bg4 7.Nbd2 e6 8.Bxf6 gxf6
9.Be2 cxd4 10.exd4 Bf5 11.Qb3 Bd6 12.Qxb6 axb6 13.h3 Rg8 14.g4 Be4 15.Nxe4 dxe4
16.Nd2 f5 17.Nc4 Bc7 18.Ne3 f4 19.Nc2 O-O-O 20.O-O-O Ne7 21.Rde1 f5 22.Bc4 Nd5
23.Reg1 fxg4 24.Rxg4 Rxg4 25.hxg4 Rg8 26.Rg1 Rg5 27.Rh1 Rxg4 28.Rxh7 Rg1+ 29.Kd2
Rg2 30.Ke1 e3 31.Na3 f3 32.fxe3 Bg3+ 33.Kd1 Nxe3+ 34.Kc1 Nxc4 35.Nxc4 f2
36.Nxb6+ Kd8 37.Rf7 Rg1+ 38.Kc2 f1=Q 39.Rxf1 Rxf1 40.Kb3 Kc7 41.Nc4 Re1 42.a4 e5
43.dxe5 Bxe5 44.a5 Kc6 45.Kb4 Bd6+ 46.Kb3 Be7 47.Kc2 Kb5 48.b3 Re4 49.Kd3 Rxc4
50.bxc4+ Kc5 51.Kc2 Bd8 52.a6 bxa6 53.Kb3 Bc7 54.Ka4 Kxc4

[Event "VII OPEN AMATEUR CALVIA"]
[Site "Calvia - Mallorca (España)"]
[Date "2010.10.09"]
[Round "1"]
[Board "1"]
[White "Persson, Stellan"]
[Black "Masso Catala, Joan"]
[Result "1-0"]
[WhiteElo "2070"]
[BlackElo "1534"]
[PlyCount "65"]
[EventDate "2010.10.09"]
[EventRounds "9"]
[EventCountry "ESP"]

1.d4 Nf6 2.Bg5 e6 3.Nf3 Be7 4.Nbd2 d5 5.e3 h6 6.Bh4 c5 7.c3 Nc6 8.Bd3 Qc7 9.Bg3
Qb6 10.Rb1 O-O 11.h3 Re8 12.O-O Qd8 13.Kh1 Bd6 14.Ne5 cxd4 15.exd4 Qc7 16.f4 Nd7
17.Qh5 Rf8 18.Bh4 Ndxe5 19.fxe5 Be7 20.Bf6 Bxf6 21.exf6 Qg3 22.fxg7 Qxg7 23.Nf3
Kh8 24.Rbe1 Ne7 25.g4 Kg8 26.g5 hxg5 27.Nxg5 Ng6 28.Rg1 Re8 29.Nxf7 Kxf7 30.Rxg6
Qh8 31.Rh6+ Kg7 32.Rg1+ Kf8 33.Rxh8+

[Event "VII OPEN AMATEUR CALVIA"]
[Site "Calvia - Mallorca (España)"]
[Date "2010.10.10"]
[Round "2"]
[Board "1"]
[White "Renteria, Jorge"]
[Black "Razola, Garcia Joaquin"]
[Result "1-0"]
[WhiteElo "2266"]
[BlackElo "2112"]
[PlyCount "66"]
[EventDate "2010.10.09"]
[EventRounds "9"]
[EventCountry "ESP"]

1.e4 e6 2.d4 d5 3.Nc3 Bb4 4.e5 c5 5.a3 Bxc3+ 6.bxc3 Qc7 7.Qg4 f6 8.exf6 Nxf6
9.Qg3 Qxg3 10.hxg3 O-O 11.Nf3 Bd7 12.a4 c4 13.Bf4 Nc6 14.Bd6 Rfe8 15.Ne5 Ne4
16.Nxc6 Bxc6 17.Be5 Nxc3 18.a5 b5 19.f3 b4 20.Kd2 Rad8 21.Rh4 Rd7 22.a6 Rc8
23.g4 Bb5 24.g5 Rc6 25.g6 h6 26.g3 Bxa6 27.g4 Nb5 28.g5 hxg5 29.Rh7 c3+ 30.Ke3
Nc7 31.Bxa6 Rxa6 32.Rah1 Kf8 33.Bf6 Nb5

[Event "VII OPEN AMATEUR CALVIA"]
[Site "Calvia - Mallorca (España)"]
[Date "2010.10.10"]
[Round "2"]
[Board "1"]
[White "Hvenekilde, Jorgen"]
[Black "Massanet Massanet, Sebastian"]
[Result "0-1"]
[WhiteElo "2107"]
[BlackElo "2260"]
[PlyCount "76"]
[EventDate "2010.10.09"]
[EventRounds "9"]
[EventCountry "ESP"]

1.d4 d5 2.Nf3 Nf6 3.g3 c6 4.Bg2 Bf5 5.O-O e6 6.b3 Nbd7 7.c4 h6 8.a4 Bb4 9.Ba3
Qe7 10.Qc1 dxc4 11.bxc4 a5 12.Nc3 e5 13.d5 O-O 14.Nh4 Bh7 15.dxc6 bxc6 16.Bxc6
Rac8 17.Bxb4 Qxb4 18.Nd5 Qc5 19.Bxd7 Nxd7 20.Ng2 Rfe8 21.Nge3 Nf8 22.Qa3 Qa7
23.Ra2 Ne6 24.Rb2 f5 25.Nb6 Rc6 26.Ned5 f4 27.gxf4 Nxf4 28.Qe3 Qf7 29.Kh1 Rxc4
30.Nf6+ Qxf6 31.Nxc4 Qc6+ 32.f3 Qxc4 33.Rc1 Qf7 34.Rc5 e4 35.fxe4 Bxe4+ 36.Kg1
Qg6+ 37.Qg3 Nh3+ 38.Kf1 Qf6+

[Event "VII OPEN AMATEUR CALVIA"]
[Site "Calvia - Mallorca (España)"]
[Date "2010.10.10"]
[Round "2"]
[Board "1"]
[White "Andersen, Lars Even"]
[Black "Korhonen, Pasi"]
[Result "1-0"]
[WhiteElo "2237"]
[BlackElo "2101"]
[PlyCount "99"]
[EventDate "2010.10.09"]
[EventRounds "9"]
[EventCountry "ESP"]

1.Nf3 Nf6 2.c4 e6 3.Nc3 Bb4 4.g3 b6 5.Bg2 Bb7 6.O-O O-O 7.Qc2 d5 8.cxd5 exd5
9.d4 c6 10.a3 Bxc3 11.Qxc3 Ne4 12.Qc2 Re8 13.Bf4 Nd7 14.Ne5 Nxe5 15.Bxe5 f6
16.Bf4 Qd7 17.Rad1 Qf5 18.Qd3 Qd7 19.Rfe1 Rad8 20.Bc1 Nd6 21.Qf3 Re7 22.Bd2 Ne4
23.Qh5 Nxd2 24.Rxd2 Qe8 25.Qf5 Rd6 26.Bf3 Bc8 27.Qh5 g6 28.Qh6 Bf5 29.e3 Qd7
30.Rc1 Rg7 31.h4 g5 32.hxg5 fxg5 33.Qh5 Rgg6 34.Kg2 g4 35.Bd1 Rh6 36.Qg5+ Rdg6
37.Qf4 Rf6 38.Qg5+ Rhg6 39.Qh5 Be4+ 40.Kf1 Qg7 41.Ke1 Rf5 42.Qh4 Rgg5 43.Rxc6
Qd7 44.Ba4 Qe8 45.Rd1 Rg6 46.Rxg6+ Qxg6 47.Rc1 Rf8 48.Bd7 Bf3 49.Qe7 Qd3 50.Be6+

[Event "VII OPEN AMATEUR CALVIA"]
[Site "Calvia - Mallorca (España)"]
[Date "2010.10.10"]
[Round "2"]
[Board "1"]
[White "Queirolo Perez, Manuel"]
[Black "Voiteanu, Gabriel"]
[Result "1-0"]
[WhiteElo "2102"]
[BlackElo "2236"]
[PlyCount "81"]
[EventDate "2010.10.09"]
[EventRounds "9"]
[EventCountry "ESP"]

1.e4 e5 2.Nf3 Nf6 3.Nc3 Bb4 4.d3 d5 5.exd5 Nxd5 6.Bd2 O-O 7.Nxd5 Bxd2+ 8.Nxd2
Qxd5 9.Qf3 Be6 10.Be2 c5 11.Qxd5 Bxd5 12.Bf3 Bxf3 13.Nxf3 Nc6 14.O-O Rfe8
15.Rfe1 f6 16.c3 Red8 17.Rad1 Rd7 18.Rd2 Rad8 19.Red1 g5 20.g4 h5 21.h3 Kf7
22.Kf1 Ne7 23.d4 e4 24.dxc5 Nd5 25.Nd4 hxg4 26.c6 bxc6 27.Nxc6 Rh8 28.Rxd5 Rxd5
29.Rxd5 gxh3 30.Kg1 g4 31.Rd7+ Ke6 32.Rxa7 e3 33.Nd4+ Kd5 34.Rd7+ Kc4 35.fxe3
Kd3 36.Rg7 f5 37.Nxf5 Ke4 38.Nd4 h2+ 39.Kh1 Kxe3 40.Rxg4 Rb8 41.Rg2

[Event "VII OPEN AMATEUR CALVIA"]
[Site "Calvia - Mallorca (España)"]
[Date "2010.10.10"]
[Round "2"]
[Board "1"]
[White "Spence, David J"]
[Black "Minescu, Dragos-Olivar"]
[Result "1-0"]
[WhiteElo "2225"]
[BlackElo "2098"]
[PlyCount "59"]
[EventDate "2010.10.09"]
[EventRounds "9"]
[EventCountry "ESP"]

1.e4 g6 2.d4 Bg7 3.Nc3 d6 4.Bg5 Nd7 5.Qd2 h6 6.Be3 Ngf6 7.h3 a6 8.Nf3 b5 9.e5 b4
10.Nd1 Nd5 11.e6 fxe6 12.Bd3 Nf8 13.Nh4 g5 14.Ng6 Nxg6 15.Bxg6+ Kd7 16.h4 a5
17.c4 bxc3 18.Nxc3 Bb7 19.Ne4 Bf6 20.O-O-O Qg8 21.h5 Qg7 22.Kb1 Rhb8 23.Rhe1 Ra6
24.Qe2 Rb6 25.Rd2 Ba6 26.Qg4 Rxb2+ 27.Rxb2 Rxb2+ 28.Kxb2 Bxd4+ 29.Kc2 Nb4+
30.Kb3

[Event "VII OPEN AMATEUR CALVIA"]
[Site "Calvia - Mallorca (España)"]
[Date "2010.10.10"]
[Round "2"]
[Board "1"]
[White "Grichkevitch, Gilles"]
[Black "Adler, Bo"]
[Result "1-0"]
[WhiteElo "2099"]
[BlackElo "2220"]
[PlyCount "63"]
[EventDate "2010.10.09"]
[EventRounds "9"]
[EventCountry "ESP"]

1.e4 e5 2.d4 exd4 3.Qxd4 Nc6 4.Qe3 Nf6 5.Nc3 Bb4 6.Bd2 O-O 7.O-O-O Re8 8.Qg3
Rxe4 9.a3 Bd6 10.f4 Re8 11.Bd3 Bc5 12.Nf3 d6 13.Rde1 Rxe1+ 14.Rxe1 Bg4 15.Ng5
Qd7 16.Nce4 Nxe4 17.Nxe4 Bd4 18.c3 d5 19.Ng5 h6 20.Nxf7 Kxf7 21.cxd4 Nxd4 22.Bc3
Nb3+ 23.Kb1 Kg8 24.Re5 Rf8 25.h3 Bf5 26.Rxd5 Bxd3+ 27.Qxd3 Qc6 28.f5 Qb6 29.Qd1
Rf7 30.Ka2 c6 31.Rd8+ Kh7 32.Qxb3

[Event "VII OPEN AMATEUR CALVIA"]
[Site "Calvia - Mallorca (España)"]
[Date "2010.10.10"]
[Round "2"]
[Board "1"]
[White "Gaya Llodra, Juan"]
[Black "Thorell, Viktor"]
[Result "0-1"]
[WhiteElo "2216"]
[BlackElo "2096"]
[PlyCount "58"]
[EventDate "2010.10.09"]
[EventRounds "9"]
[EventCountry "ESP"]

1.d4 e6 2.g3 f5 3.Bg2 Nf6 4.c4 Bb4+ 5.Bd2 Bxd2+ 6.Nxd2 Nc6 7.Ngf3 d6 8.O-O O-O
9.Qb3 Kh8 10.d5 Ne5 11.Nd4 exd5 12.cxd5 f4 13.gxf4 Ng6 14.f5 Nf4 15.e4 N6h5
16.Qf3 g6 17.Kh1 gxf5 18.exf5 Qh4 19.Ne6 Bxe6 20.dxe6 Rxf5 21.Qc3+ Nf6 22.Rg1
Rg8 23.Bf3 Nh3 24.Rg3 Nxf2+ 25.Kg2 Qh3+ 26.Kg1 Rxg3+ 27.hxg3 Qxg3+ 28.Bg2 Nd3
29.Nf1 Qf2+

[Event "VII OPEN AMATEUR CALVIA"]
[Site "Calvia - Mallorca (España)"]
[Date "2010.10.10"]
[Round "2"]
[Board "1"]
[White "Lechado Artigues, Pedro"]
[Black "Lind, Jan-Olof"]
[Result "0-1"]
[WhiteElo "2096"]
[BlackElo "2213"]
[PlyCount "86"]
[EventDate "2010.10.09"]
[EventRounds "9"]
[EventCountry "ESP"]

1.e4 c5 2.Nf3 e6 3.d4 cxd4 4.Nxd4 a6 5.Bd3 Nc6 6.Nxc6 dxc6 7.Be3 Nf6 8.Nd2 Bd6
9.Nc4 Bc7 10.Qe2 e5 11.O-O O-O 12.Bg5 h6 13.Bh4 g5 14.Bg3 Bg4 15.Qe3 Qe7 16.h4
Nh5 17.hxg5 hxg5 18.b4 Nf4 19.Rfb1 Kg7 20.Qc5 Qf6 21.Ne3 Be6 22.a4 Rh8 23.f3
Rad8 24.Rd1 Rd4 25.b5 Bd6 26.Qa7 cxb5 27.axb5 Qe7 28.Bf2 Bc5 29.b6 Rb4 30.Rdb1
Rxb1+ 31.Rxb1 Rd8 32.Bf1 Rd7 33.Qb8 Bd6 34.Qc8 Rc7 35.Nf5+ Bxf5 36.Qxf5 Rxc2
37.g3 Bc5 38.Bxc5 Qxc5+ 39.Kh1 Qf2 40.Qxg5+ Ng6 41.Qh5 Qxg3 42.Qh3 Qf4 43.Qg4
Qh2#

[Event "VII OPEN AMATEUR CALVIA"]
[Site "Calvia - Mallorca (España)"]
[Date "2010.10.10"]
[Round "2"]
[Board "1"]
[White "Galiana Salom, Juan Ramon"]
[Black "Plachkinova, Tatjana"]
[Result "0-1"]
[WhiteElo "2204"]
[BlackElo "2091"]
[PlyCount "58"]
[EventDate "2010.10.09"]
[EventRounds "9"]
[EventCountry "ESP"]

1.e4 c5 2.Nf3 Nc6 3.d4 cxd4 4.Nxd4 Nf6 5.Nc3 d6 6.Nb3 e6 7.f4 Be7 8.Qf3 Bd7
9.Be3 O-O 10.Bd3 a5 11.a3 a4 12.Nd2 Re8 13.O-O e5 14.Nd5 Nxd5 15.exd5 Nd4 16.Qf2
Bh4 17.g3 Bf6 18.fxe5 dxe5 19.Ne4 Bh3 20.Nxf6+ gxf6 21.c3 Nb3 22.Rad1 e4 23.Bb5
Re5 24.Qxf6 Bxf1 25.Qxe5 Bxb5 26.Bh6 Qb6+ 27.Rd4 Qxh6 28.Rxe4 Qc1+ 29.Re1 Re8

[Event "VII OPEN AMATEUR CALVIA"]
[Site "Calvia - Mallorca (España)"]
[Date "2010.10.10"]
[Round "2"]
[Board "1"]
[White "Juan Mas, Santiago"]
[Black "Lacrosse, Marc"]
[Result "1/2-1/2"]
[WhiteElo "2092"]
[BlackElo "2198"]
[PlyCount "43"]
[EventDate "2010.10.09"]
[EventRounds "9"]
[EventCountry "ESP"]

1.d4 d5 2.Bg5 h6 3.Bh4 c6 4.Nf3 Qb6 5.b3 Bf5 6.e3 e6 7.Bd3 Bxd3 8.Qxd3 Nd7 9.O-O
Be7 10.Nbd2 Bxh4 11.Nxh4 Ngf6 12.c4 Qa6 13.e4 dxe4 14.Nxe4 Nxe4 15.Qxe4 O-O
16.Nf3 Rad8 17.Rfd1 Qa3 18.Rd2 Rfe8 19.Rad1 a5 20.Qc2 Nf6 21.h3 Re7 22.Re2

[Event "VII OPEN AMATEUR CALVIA"]
[Site "Calvia - Mallorca (España)"]
[Date "2010.10.10"]
[Round "2"]
[Board "1"]
[White "Lommers, Frank"]
[Black "Hoffmann, Roger"]
[Result "1/2-1/2"]
[WhiteElo "2191"]
[BlackElo "2086"]
[PlyCount "50"]
[EventDate "2010.10.09"]
[EventRounds "9"]
[EventCountry "ESP"]

1.c4 Nf6 2.g3 c6 3.Bg2 d5 4.Nf3 e6 5.b3 Bd6 6.Bb2 Nbd7 7.O-O O-O 8.d3 e5 9.Nc3
d4 10.Ne4 Nxe4 11.dxe4 Be7 12.Ne1 a5 13.Nd3 Qc7 14.f4 f6 15.Kh1 b6 16.Qd2 Bb7
17.Rf2 Nc5 18.f5 Nxd3 19.exd3 c5 20.a4 Bc6 21.Bf3 Bd6 22.Qe2 Kf7 23.Bh5+ Ke7
24.Raf1 Kd7 25.Kg1 Kc8 {Indescifrable.}

[Event "VII OPEN AMATEUR CALVIA"]
[Site "Calvia - Mallorca (España)"]
[Date "2010.10.10"]
[Round "2"]
[Board "1"]
[White "Valls Casas, Jordi"]
[Black "Tscharotschkin, Michael"]
[Result "1/2-1/2"]
[WhiteElo "2088"]
[BlackElo "2179"]
[PlyCount "40"]
[EventDate "2010.10.09"]
[EventRounds "9"]
[EventCountry "ESP"]

1.d4 Nf6 2.Nf3 e6 3.g3 d5 4.Bg2 Be7 5.O-O O-O 6.c4 dxc4 7.Ne5 Nc6 8.Bxc6 bxc6
9.Nxc6 Qe8 10.Nxe7+ Qxe7 11.Qa4 e5 12.dxe5 Qxe5 13.Nc3 Ne4 14.Qxc4 Nxc3 15.bxc3
Be6 16.Bf4 Bxc4 17.Bxe5 c6 18.Rfe1 Rfe8 19.Bd4 Bxe2 20.a3 a6

[Event "VII OPEN AMATEUR CALVIA"]
[Site "Calvia - Mallorca (España)"]
[Date "2010.10.10"]
[Round "2"]
[Board "1"]
[White "Burton, Graham P"]
[Black "Carrasco Sagredo, Manuel"]
[Result "1-0"]
[WhiteElo "2080"]
[BlackElo "2157"]
[PlyCount "61"]
[EventDate "2010.10.09"]
[EventRounds "9"]
[EventCountry "ESP"]

1.e4 g6 2.d4 Bg7 3.Nf3 c6 4.Nc3 d5 5.h3 Nh6 6.Bd3 f6 7.O-O O-O 8.Qe2 Nf7 9.e5
fxe5 10.Nxe5 Nxe5 11.dxe5 Be6 12.f4 c5 13.b3 Nc6 14.Na4 c4 15.bxc4 dxc4 16.Be4
Qd4+ 17.Kh1 Qxa1 18.Bb2 Qxa2 19.Ra1 Qxa1+ 20.Bxa1 Rxf4 21.Nc5 Bf5 22.Bxc6 bxc6
23.g3 Bd3 24.cxd3 cxd3 25.Qxd3 Rf5 26.g4 Rf2 27.Bd4 Rf7 28.Ne6 c5 29.Bc3 Bh8
30.Ng5 Rf2 31.Qd5+

[Event "VII OPEN AMATEUR CALVIA"]
[Site "Calvia - Mallorca (España)"]
[Date "2010.10.10"]
[Round "2"]
[Board "1"]
[White "Karlsson, Jorgen"]
[Black "Persson, Stellan"]
[Result "1-0"]
[WhiteElo "2153"]
[BlackElo "2070"]
[PlyCount "69"]
[EventDate "2010.10.09"]
[EventRounds "9"]
[EventCountry "ESP"]

1.a3 g6 2.g3 Bg7 3.Bg2 d5 4.c4 Nf6 5.Nf3 O-O 6.cxd5 Nxd5 7.O-O c6 8.d4 Nd7 9.e4
Nc7 10.Nc3 Nb6 11.Qd3 Be6 12.Rd1 Qd7 13.Ne2 Rad8 14.Be3 Nc4 15.Rab1 Nxe3 16.Qxe3
Bg4 17.Rd3 Be6 18.Nf4 Bc4 19.Rd2 e6 20.Rbd1 Qe7 21.Ne5 Ba6 22.a4 Rfe8 23.Qc3 c5
24.dxc5 Rxd2 25.Rxd2 Rd8 26.Rxd8+ Qxd8 27.h4 Qf6 28.Nd7 Qxc3 29.bxc3 Bxc3 30.e5
h6 31.Be4 b5 32.cxb6 axb6 33.Bd3 Bb7 34.Ne2 Bc6 35.Nf6+